El INCEP en su XXX aniversario /

Salvato in:
Dettagli Bibliografici
Autore principale: Carpio Nicolle, Roberto
Natura: testo
Soggetti:
Tags: Aggiungi Tag
Nessun Tag, puoi essere il primo ad aggiungerne!!

MARC

LEADER 00000 a a2200000 04500
001 11472
003
040
100 |a Carpio Nicolle, Roberto  
245 |a El INCEP en su XXX aniversario /  |c Roberto Carpio Nicolle 
650 |a DEMOCRATIZACION  
650 |a PAZ  
650 |a DESARROLLO SOCIAL  
650 |a IDENTIDAD CULTURAL  
650 |a POLITICA  
650 |a ESTADO  
650 |a SOCIEDAD  
650 |a SOCIALIZACION  
650 |a ACUERDOS INTERNACIONALES  
773 |g número 3 -4; páginas 92-97  
999 |c 25537  |d 25537